00353pab a2200133 454500008004000000100002300040245004300063260000900106300001300115362000800128650003700136650002800173773001800201180718b2012 xxu||||| |||| 00| 0 eng d aSheel Bhadra Kumar aA strong message Kremlin cannot ignore c2012 ap.32-33. aJul aRussia - Politics and government aPolitics and government aThird Concept